000 00306nam a22001337a 4500
008 170623b xxu||||| |||| 00| 0 eng d
020 _a0876207158
041 _aeng
080 _a32
100 _a21
101 _aSHP
245 _aTHE POLITICS OF FISCAL POLICY FORMATION
_cPIERCE, L.C
942 _2udc
_cBK
999 _c18874
_d18874